Television Electronics (Record no. 166100)

MARC details
000 -LEADER
fixed length control field 00445nam a2200181Ia 4500
008 - FIXED-LENGTH DATA ELEMENTS--GENERAL INFORMATION
fixed length control field 230612s9999 xx 000 0 und d
020 ## - INTERNATIONAL STANDARD BOOK NUMBER
International Standard Book Number 408009853
041 ## - LANGUAGE CODE
Language code of text/sound track or separate title eng
082 ## - DEWEY DECIMAL CLASSIFICATION NUMBER
Classification number 621.38 KIV
100 ## - MAIN ENTRY--PERSONAL NAME
Personal name Kiver M.
9 (RLIN) 164027
245 ## - TITLE STATEMENT
Title Television Electronics
260 ## - PUBLICATION, DISTRIBUTION, ETC. (IMPRINT)
Date of publication, distribution, etc. 1987
Name of publisher, distributor, etc. Cbs
300 ## - PHYSICAL DESCRIPTION
Extent 963
365 ## - TRADE PRICE
Currency code Rs.
Price amount 75.00
700 ## - ADDED ENTRY--PERSONAL NAME
Personal name Kiver M. & Kaufman M.
9 (RLIN) 184804
906 ## - LOCAL DATA ELEMENT F, LDF (RLIN)
d B:56827-Sep-1993
c ETC
Holdings
Withdrawn status Lost status Damaged status Not for loan Home library Current library Date acquired Vendor Budget Code Cost, normal purchase price Bill number Full call number Barcode Date last seen Cost, replacement price Bill Date Koha item type Original Barcode
Withdrawn       Cummins College of Engineering for Women Pune Cummins College of Engineering for Women Pune 27/04/1993 Pradeep Book Distributors ETC 75.00 568 621.38 KIV CCEP-BK-1818 12/06/2023 75.00 27/09/1993 Books 001818